|
|
|
|
| LEADER |
00000nam a22000007a 4500 |
| 005 |
20190905003328.0 |
| 007 |
cr|||| ||| |
| 008 |
190905s2019 co |||||s|||| 00||0 spa d |
| 020 |
|
|
|a 978-958-771-596-5
|
| 035 |
|
|
|a 24766
|
| 040 |
|
|
|a vLex
|
| 090 |
|
|
|c 9410
|d 9410
|
| 100 |
1 |
|
|a Tarapuez Chamorro, Edwin
|
| 245 |
1 |
0 |
|a Teora̕ monetaria y bancaria
|h [Recurso electrn̤ico] /
|c Edwin Tarapuez Chamorro, Omar Alberto Donneys Beltrǹ, Carlos Alberto Rivera Bermd︢ez
|
| 256 |
|
|
|a Servicio en ln̕ea
|
| 260 |
|
|
|a Bogot:̀
|b ECOE,
|c 2019
|
| 300 |
|
|
|a 1 recurso electrn̤ico
|
| 506 |
1 |
|
|a Disponible solo en los productos indicados
|d vLex Global
|d vLex Global (Academic Edition, excluding Law Schools)
|d vLex Global (U.S. Academic Edition, Law Schools)
|d vLex Global (U.S. Academic Edition, excluding Law Schools)
|d vLex Global (Academic Edition, Law Schools)
|
| 650 |
0 |
4 |
|a Derecho Pb︢lico y Administrativo
|z Colombia
|
| 650 |
0 |
4 |
|a Derecho Internacional
|z Colombia
|
| 700 |
1 |
|
|a Donneys Beltrǹ, Omar Alberto
|
| 700 |
1 |
|
|a Rivera Bermd︢ez, Carlos Alberto
|
| 740 |
0 |
|
|a vLex Libros (Servicio en ln̕ea)
|
| 856 |
4 |
0 |
|u http://vlex.com/source/teoria-monetaria-bancaria-24766
|z Acceso restringido
|
| 942 |
|
|
|c BOOK
|
| 999 |
0 |
|
|a Public and Administrative Law
|
| 999 |
0 |
|
|a International Law
|